Foundations of assessment in early childhood special education / (Record no. 117658)
[ view plain ]
| 000 -LEADER | |
|---|---|
| fixed length control field | 00549nam a2200169Ia 4500 |
| 008 - FIXED-LENGTH DATA ELEMENTS--GENERAL INFORMATION | |
| fixed length control field | 140529s9999 xx 000 0 und d |
| 020 ## - INTERNATIONAL STANDARD BOOK NUMBER | |
| International Standard Book Number | 9780136064237 |
| 050 ## - LIBRARY OF CONGRESS CALL NUMBER | |
| Classification number | LC 4019.3 |
| Item number | .K75 2012 |
| 100 ## - MAIN ENTRY--PERSONAL NAME | |
| Personal name | Kritikos, Effie P. |
| 245 ## - TITLE STATEMENT | |
| Title | Foundations of assessment in early childhood special education / |
| Statement of responsibility, etc | Effie Kritikos, Phyllis Le Dosquet, Mark E. Melton |
| 260 ## - PUBLICATION, DISTRIBUTION, ETC. (IMPRINT) | |
| Place of publication, distribution, etc | Boston : |
| Name of publisher, distributor, etc | Pearson, |
| Date of publication, distribution, etc | c2012. |
| 300 ## - PHYSICAL DESCRIPTION | |
| Extent | 269 p. : |
| Other physical details | ill. ; |
| Dimensions | 23 cm. |
| 500 ## - GENERAL NOTE | |
| General note | Includes glossary and index. |
| 521 ## - TARGET AUDIENCE NOTE | |
| Target audience note | |
| 942 ## - ADDED ENTRY ELEMENTS (KOHA) | |
| Call number prefix | Foreign |
| Koha item type | Books |
| Withdrawn status | Lost status | Damaged status | Home library | Current library | Shelving location | Date acquired | Cost, normal purchase price | Total Checkouts | Total Renewals | Full call number | Barcode | Date last seen | Date checked out | Price effective from | Koha item type |
|---|---|---|---|---|---|---|---|---|---|---|---|---|---|---|---|
| College Library | College Library | Reserve Section | 05/30/2014 | 5100.00 | 2 | 2 | LC 4019.3 .K75 2012 | C16722 | 05/15/2018 | 11/17/2016 | 05/30/2014 | Books |